01009nam a2200229 a 4500001001000000003000500010005001700015008004100032010001100073011001100084040000900095100003700104245020900141260004100350500006000391502011800451650003400569650004500603650003000648650003100678856007000709000116217CHAP20220329144606.0191008s2019 mx a |sm |||||||spa d a112678 a113650 cCHAP1 aCardoso Carmona, Carlos Jesús.10aBúsqueda de polimorfismos en el exón 10 del gen IGF2 en ovejas suffolk con condición corporal divergente y su influencia en variables reproductivash[En línea]cpor Carlos Jesús Cardoso Carmona. aChapingo, Méx. :bEl autor,c2019. aPara ver el contenido del material haga clic en la liga aTesis (Ing. Agr. Esp. en Zootecnia) -- UACH. Departamento de Enseñanza, Investigación y Servicio en Zootecnia14aGanado lanarxAlimentación.14aGanado lanarxAnatomía y fisiología.14aGanado lanarxFecundidad.14aSincronización del celo. aFinding aiduhttp://10.13.5.2/tesis/sist116217.pdfzTeclea aquí